[Event "SF Brackel 2 - SV Horst-Emscher 1"]
[Site "Verbandsliga - Gr. 2 2019/202"]
[Date "2019.10.27"]
[Round "2.1"]
[White "Baerwolf, Steven"]
[Black "Fiebig, Thomas"]
[Result "1-0"]
[WhiteElo "2210"]
[BlackElo "2428"]
[PlyCount "137"]
[EventDate "2019.??.??"]

1. e4 e6 2. d4 d5 3. e5 c5 4. c3 Bd7 5. Nf3 Nc6 6. Bd3 Rc8 7. a3 cxd4 8. cxd4
Qb6 9. O-O Nxd4 10. Nbd2 Ne7 11. Nxd4 Qxd4 12. Nf3 Qa4 13. b3 Qa5 14. Bd2 Qd8
15. b4 Ng6 16. Re1 Be7 17. Nd4 O-O 18. Qh5 f5 19. exf6 Bxf6 20. Nf3 Qe8 21. Ng5
Bxg5 22. Bxg5 Qf7 23. Bh4 a6 24. Bg3 Qf6 25. Kh1 Rfe8 26. Be5 Nxe5 27. Bxh7+
Kf8 28. Rxe5 Ke7 29. Rae1 Rh8 30. Rxd5 Qxf2 31. Qe5 Rxh7 32. Qd6+ Kf6 33. Rdd1
Kg6 34. Rxe6+ Bxe6 35. Qxe6+ Qf6 36. Qxc8 Rh4 37. Qxb7 Rd4 38. Re1 Rf4 39. Rg1
Kh6 40. Qc8 g5 41. Qh3+ Kg7 42. Qe3 g4 43. Rd1 Rf1+ 44. Rxf1 Qxf1+ 45. Qg1 Qd3
46. Qc1 Kg6 47. Kg1 Kh5 48. Qc5+ Kg6 49. Qe5 Qxa3 50. Qf4 Kh5 51. Qf5+ Kh6 52.
Qxg4 Qc1+ 53. Kf2 Qd2+ 54. Kg3 Qe1+ 55. Kh3 Qf1 56. Qf3 Qc4 57. Kg3 Kg5 58.
Qe3+ Kf5 59. Qf2+ Ke5 60. Qd2 Kf5 61. h3 Qc7+ 62. Kf2 Qc4 63. g4+ Kg6 64. Qd6+
Kf7 65. Kg3 Qc3+ 66. Kh4 Qh8+ 67. Kg5 Qxh3 68. Qd7+ Kf8 69. Kg6 1-0

[Event "SF Brackel 2 - SV Horst-Emscher 1"]
[Site "Verbandsliga - Gr. 2 2019/202"]
[Date "2019.10.27"]
[Round "2.2"]
[White "Friedrichs, Klaus"]
[Black "Rebentisch, Tom"]
[Result "0-1"]
[WhiteElo "2214"]
[BlackElo "2045"]
[PlyCount "108"]
[EventDate "2019.??.??"]

1. d4 d5 2. Bf4 c5 3. e3 Nc6 4. c3 Nf6 5. Nd2 cxd4 6. exd4 Bf5 7. Qb3 Qc8 8.
Ngf3 e6 9. Be2 Be7 10. O-O h6 11. c4 O-O 12. Rac1 dxc4 13. Nxc4 Qd7 14. Rfd1
Rac8 15. Bg3 Rfd8 16. Nce5 Nxe5 17. dxe5 Rxc1 18. Rxc1 Ne4 19. Bf4 a6 20. Be3
Bg6 21. h3 b5 22. a4 bxa4 23. Qb6 Rc8 24. Rxc8+ Qxc8 25. Bxa6 Qc2 26. Bf1 Kh7
27. Nd4 Qd1 28. Ne2 Nd2 29. Bxd2 Qxd2 30. Qd4 Qc2 31. Qc3 Bc5 32. Qxc2 Bxc2 33.
g4 h5 34. Kg2 Kh6 35. f4 hxg4 36. hxg4 g5 37. Kf3 Bb3 38. f5 Bd5+ 39. Kg3 Be3
40. Nc3 Bf4+ 41. Kf2 Bc6 42. fxe6 fxe6 43. Bc4 Bxe5 44. Bxe6 a3 45. Ke3 Bxc3
46. bxc3 Bd7 47. Bd5 Bxg4 48. Kd2 Bf3 49. Be6 Be4 50. Kc1 Kg6 51. Bg4 Kf6 52.
Bd7 Ke5 53. Bg4 Kd5 54. Bh5 Kc4 0-1

[Event "SF Brackel 2 - SV Horst-Emscher 1"]
[Site "Verbandsliga - Gr. 2 2019/202"]
[Date "2019.10.27"]
[Round "2.3"]
[White "Arndt, Olaf"]
[Black "Albers, Damian"]
[Result "0-1"]
[WhiteElo "1940"]
[BlackElo "2051"]
[PlyCount "90"]
[EventDate "2019.??.??"]

1. e4 Nc6 2. Bc4 Nf6 3. d3 e5 4. Nf3 d6 5. Ng5 d5 6. exd5 Nxd5 7. Qf3 Be6 8.
Nxe6 fxe6 9. O-O Qf6 10. Bxd5 exd5 11. Qxd5 Nd4 12. Re1 Rd8 13. Qxe5+ Qxe5 14.
Rxe5+ Kf7 15. Bg5 Bd6 16. Re4 Nxc2 17. Bxd8 Rxd8 18. Rc4 Nxa1 19. Nd2 b5 20.
Rc6 Bf4 21. Ne4 Rxd3 22. g3 Rd1+ 23. Kg2 Bd6 24. h4 Ke7 25. Nc3 Kd7 26. Ra6 Rd2
27. b3 Bc5 28. Ne4 Rc2 29. Nxc5+ Rxc5 30. Rxa7 Nc2 31. Ra8 Ke7 32. a4 bxa4 33.
Rxa4 Rc3 34. Re4+ Kf7 35. b4 c6 36. h5 h6 37. Kh3 Rb3 38. Rc4 Nxb4 39. Rf4+ Ke6
40. Rg4 Kf6 41. Rf4+ Ke6 42. Rg4 Kf7 43. Rf4+ Kg8 44. Kh4 Nd3 45. Rd4 Rb4 0-1

[Event "SF Brackel 2 - SV Horst-Emscher 1"]
[Site "Verbandsliga - Gr. 2 2019/202"]
[Date "2019.10.27"]
[Round "2.4"]
[White "Reisberg, Andre"]
[Black "Goeldenboog, Juergen"]
[Result "1-0"]
[WhiteElo "2019"]
[BlackElo "1945"]
[PlyCount "93"]
[EventDate "2019.??.??"]

1. d4 d5 2. c4 dxc4 3. Nc3 c6 4. a4 Nf6 5. e3 e6 6. Bxc4 Be7 7. Nf3 O-O 8. O-O
a5 9. e4 Na6 10. Qe2 Qc7 11. Bg5 b6 12. Rac1 Nb4 13. Rfd1 Ba6 14. d5 exd5 15.
exd5 Rfd8 16. Bxa6 Nxa6 17. Nb5 Qd7 18. dxc6 Qe6 19. Qxe6 fxe6 20. Rxd8+ Rxd8
21. c7 Rc8 22. Bf4 Nd5 23. Na7 Rxc7 24. Bxc7 Naxc7 25. Nb5 Nxb5 26. Rc8+ Kf7
27. Ne5+ Kf6 28. Nd7+ Kf5 29. axb5 Bf6 30. Nxf6 Kxf6 31. Rc6 h5 32. g3 g5 33.
Kg2 Kf5 34. h3 Ke5 35. Kf3 Kf5 36. g4+ hxg4+ 37. hxg4+ Ke5 38. Rc8 Nb4 39. Rb8
Nd5 40. Rg8 Kf6 41. Ke4 Nc7 42. Rb8 Nxb5 43. Rxb6 Nc7 44. Rc6 Nb5 45. Ra6 a4
46. Rxa4 Nd6+ 47. Ke3 1-0

[Event "SF Brackel 2 - SV Horst-Emscher 1"]
[Site "Verbandsliga - Gr. 2 2019/202"]
[Date "2019.10.27"]
[Round "2.5"]
[White "Weichert, Eddy"]
[Black "Krueger, Sven"]
[Result "1-0"]
[WhiteElo "1805"]
[BlackElo "1930"]
[PlyCount "69"]
[EventDate "2019.??.??"]

1. e4 e5 2. Nf3 Nc6 3. Bb5 d6 4. c3 Bd7 5. d4 exd4 6. cxd4 Nf6 7. Nc3 Be7 8. h3
h6 9. O-O O-O 10. e5 dxe5 11. dxe5 Nh7 12. Qe2 Ng5 13. Bxg5 Bxg5 14. Rad1 Qc8
15. Nxg5 hxg5 16. Qd2 a6 17. Bxc6 Bxc6 18. Qxg5 Qe6 19. Rfe1 Rae8 20. Re3 Qc4
21. Rg3 g6 22. Rg4 Qe6 23. f4 Kg7 24. Ne2 Qe7 25. Qxe7 Rxe7 26. Rg3 f6 27. f5
Rxe5 28. Nf4 Rfe8 29. Nh5+ Kh8 30. Nxf6 Rf8 31. Rxg6 Rxf5 32. Ng4 Rb5 33. b3
Re8 34. Nf6 Rf8 35. Rd4 1-0

[Event "SF Brackel 2 - SV Horst-Emscher 1"]
[Site "Verbandsliga - Gr. 2 2019/202"]
[Date "2019.10.27"]
[Round "2.6"]
[White "Siebert, Martin"]
[Black "Becker, Marco"]
[Result "0-1"]
[WhiteElo "1947"]
[BlackElo "1906"]
[PlyCount "48"]
[EventDate "2019.??.??"]

1. e4 c6 2. d4 d5 3. exd5 cxd5 4. Nf3 Nc6 5. c3 Bg4 6. Be2 e6 7. Bf4 Bd6 8.
Bxd6 Qxd6 9. Nbd2 Nf6 10. O-O O-O 11. Ne1 Bxe2 12. Qxe2 Rfe8 13. Nd3 e5 14.
dxe5 Nxe5 15. Nf3 Nxf3+ 16. Qxf3 Re4 17. Rad1 Rae8 18. Rd2 a5 19. g3 g5 20. Nc5
Re1 21. Nxb7 Qa6 22. Rd3 Rxf1+ 23. Kxf1 Ne4 24. Nd6 Nd2+ 0-1

[Event "SF Brackel 2 - SV Horst-Emscher 1"]
[Site "Verbandsliga - Gr. 2 2019/202"]
[Date "2019.10.27"]
[Round "2.7"]
[White "Rebentisch, Sebastian"]
[Black "Schroelkamp, Carsten"]
[Result "1-0"]
[WhiteElo "1787"]
[BlackElo "1617"]
[PlyCount "85"]
[EventDate "2019.??.??"]

1. e4 c6 2. d4 d5 3. exd5 cxd5 4. Bd3 Nc6 5. c3 Nf6 6. Bf4 g6 7. Nf3 Bg7 8. h3
O-O 9. Qd2 Re8 10. O-O Ne4 11. Bxe4 dxe4 12. Ng5 Qd5 13. f3 exf3 14. Nxf3 e5
15. Nxe5 Nxe5 16. dxe5 Be6 17. Re1 Qc5+ 18. Qf2 Qxf2+ 19. Kxf2 Rad8 20. Nd2 Rd5
21. Ne4 Red8 22. Bg5 Rc8 23. Bf6 Rc4 24. b3 Rc7 25. c4 Rd4 26. Rad1 Rcd7 27.
Rxd4 Rxd4 28. Ke3 Rd7 29. Nc5 Bh6+ 30. Kf3 Rd2 31. Re2 Rd1 32. Nxb7 Rf1+ 33.
Rf2 Re1 34. g4 Re3+ 35. Kg2 Bd7 36. Nd6 Re1 37. g5 Bf8 38. Nb5 Bc6+ 39. Kg3 Bc5
40. Rd2 Rg1+ 41. Kh4 Be8 42. Nd6 Be3 43. Re2 1-0

[Event "SF Brackel 2 - SV Horst-Emscher 1"]
[Site "Verbandsliga - Gr. 2 2019/202"]
[Date "2019.10.27"]
[Round "2.8"]
[White "Grote, Christina"]
[Black "Kneip, Karl"]
[Result "1-0"]
[WhiteElo "1642"]
[BlackElo "1723"]
[PlyCount "99"]
[EventDate "2019.??.??"]

1. d4 d5 2. g3 Nf6 3. Bg2 e6 4. Nf3 Be7 5. O-O O-O 6. Nbd2 Nbd7 7. b3 c6 8. Bb2
b6 9. c4 Bb7 10. a3 h6 11. Qe1 Rc8 12. Ne5 Nxe5 13. dxe5 Nd7 14. e4 Nc5 15. Qe3
Qc7 16. exd5 cxd5 17. cxd5 exd5 18. Rac1 Qb8 19. b4 Ne6 20. f4 Rfd8 21. Nf3
Rxc1 22. Rxc1 Rc8 23. f5 Rxc1+ 24. Qxc1 Ng5 25. f6 Nxf3+ 26. Bxf3 Bf8 27. Qd2
Qd8 28. Bg4 Qe8 29. Qd4 Qc6 30. e6 fxe6 31. fxg7 Be7 32. Qe3 d4 33. Bxe6+ Kxg7
34. Bxd4+ Kg6 35. Qd3+ Qe4 36. Qxe4+ Bxe4 37. Bc4 Bd6 38. Kf2 Bb7 39. Ke3 a6
40. Bxb6 Kf5 41. Bd8 h5 42. Bd3+ Kg4 43. Be2+ Kh3 44. Bxh5 Kxh2 45. g4 Kg3 46.
Kd4 Bf4 47. g5 Kh4 48. Be2 Bxg5 49. Bxg5+ Kxg5 50. Kc5 1-0

[Event "SV Bochum-Linden 1 - SV Königsspringer "]
[Site "Verbandsliga - Gr. 2 2019/202"]
[Date "2019.10.27"]
[Round "2.1"]
[White "Happel, Heiner"]
[Black "Hahn, Matthias"]
[Result "1/2-1/2"]
[WhiteElo "2186"]
[BlackElo "2068"]
[Annotator "Daniel"]
[PlyCount "109"]
[EventDate "2019.??.??"]

1. Nf3 d5 2. c4 e6 3. g3 Nf6 4. Bg2 Be7 5. O-O O-O 6. b3 b6 7. Bb2 Bb7 8. cxd5
Nxd5 9. d3 c5 10. Nbd2 Nc6 11. Rc1 Bf6 12. Bxf6 Nxf6 13. Qc2 Qe7 14. Qb2 Rfd8
15. a3 Rac8 16. Rfe1 h6 $11 17. Rc4 Na5 18. Rc2 Nc6 19. Rb1 Nd5 20. Rbc1 Nf6
21. Nc4 Kh8 22. Nce5 Nxe5 23. Nxe5 Bxg2 24. Kxg2 Nd7 25. b4 Nxe5 26. Qxe5 Rd5
27. Qe4 Rb8 28. Rc4 cxb4 29. axb4 Rbd8 30. Rc7 R5d7 31. Qb7 Rxc7 32. Rxc7 Qxb4
33. Qxa7 Rf8 34. Rxf7 Rxf7 35. Qxf7 Qb3 36. e4 Qxd3 37. Qxe6 b5 38. Qc8+ Kh7
39. Qf5+ Kg8 40. Qe6+ Kh7 41. Qf5+ Kg8 42. Qc8+ Kh7 43. Qb7 Qd4 44. Qxb5 Qxe4+
45. Kg1 Qf3 46. h3 g5 47. Qd7+ Kh8 48. Qg4 Qd5 49. h4 Qc5 50. h5 Qd5 51. Qc8+
Kg7 52. Qc3+ Kg8 53. Qc2 Qd6 54. Qf5 Qd1+ 55. Kg2 1/2-1/2

[Event "SV Bochum-Linden 1 - SV Königsspringer "]
[Site "Verbandsliga - Gr. 2 2019/202"]
[Date "2019.10.27"]
[Round "2.2"]
[White "Schreck, Roland"]
[Black "Frombach, Ralf"]
[Result "1-0"]
[WhiteElo "2109"]
[BlackElo "2139"]
[PlyCount "153"]
[EventDate "2019.??.??"]

1. Nf3 d5 2. g3 g6 3. Bg2 Bg7 4. O-O e5 5. d3 c5 6. c4 d4 7. b4 cxb4 8. a3 b3
9. Qxb3 Nc6 10. Bg5 Nge7 11. a4 O-O 12. Na3 h6 13. Bd2 b6 14. Rab1 Be6 15. Nc2
Qd7 16. Rfc1 Rac8 17. Qa3 e4 18. dxe4 Bxc4 19. e3 dxe3 20. Bxe3 Qd3 21. Nfe1
Qxa3 22. Nxa3 Ba2 23. Ra1 Bxa1 24. Rxa1 Bb3 25. Bxh6 Rfd8 26. Bh3 f5 27. Nb5 a6
28. Bg5 Rd7 29. exf5 Nxf5 30. Nc3 Ne5 31. Ne4 Rd1 32. Rxd1 Bxd1 33. Bf1 Bxa4
34. Bxa6 Rc7 35. Bf4 Re7 36. Nf6+ Kf7 37. Nd5 Re6 38. Nc7 Re7 39. Nd5 Ra7 40.
Nb4 Re7 41. Nd5 Ra7 42. Bxe5 Rxa6 43. Nf3 b5 44. g4 Nh6 45. Ng5+ Kf8 46. h3 Bb3
47. Nc7 Rb6 48. Bd4 Rb7 49. Bc5+ Kg8 50. Ne8 Nf7 51. Ne4 Rb8 52. N4f6+ Kh8 53.
Bf8 Rxe8 54. Nxe8 Kg8 55. Bb4 Ng5 56. Kh2 Bc4 57. Nd6 Bd3 58. Nb7 Bf1 59. h4
Ne4 60. f3 Nf6 61. Nd8 Nd5 62. Nc6 Nxb4 63. Nxb4 Kf7 64. Kg1 Be2 65. Kf2 Bd1
66. Ke3 Ke6 67. Nd3 Kd5 68. Nf4+ Kc4 69. Nxg6 Kc3 70. h5 Bc2 71. Nf4 b4 72.
Nd5+ Kc4 73. Kd2 b3 74. Ne3+ Kb4 75. Kc1 Bd3 76. Kb2 Kc5 77. h6 1-0

[Event "SV Bochum-Linden 1 - SV Königsspringer "]
[Site "Verbandsliga - Gr. 2 2019/202"]
[Date "2019.10.27"]
[Round "2.3"]
[White "Dargel, Manuel"]
[Black "Boehm, Ingo"]
[Result "1/2-1/2"]
[WhiteElo "2108"]
[BlackElo "2040"]
[PlyCount "135"]
[EventDate "2019.??.??"]

1. c4 e5 2. g3 Nc6 3. Bg2 g6 4. Nc3 Bg7 5. e3 Nf6 6. Nge2 O-O 7. O-O Ne7 8. f4
exf4 9. Nxf4 c6 10. Qb3 d6 11. e4 Nd7 12. h3 Nc5 13. Qc2 Ne6 14. Kh2 Nd4 15.
Qd1 Bd7 16. d3 a6 17. Be3 b5 18. Nce2 Ne6 19. Qd2 Rb8 20. cxb5 axb5 21. d4 Nc7
22. Rac1 f5 23. e5 dxe5 24. dxe5 Bxe5 25. Rfd1 Be6 26. Qc2 Qe8 27. Bc5 Bf7 28.
Nd4 Rc8 29. Re1 Bxd4 30. Rxe7 Qd8 31. Rd1 Bxc5 32. Rxf7 Bd6 33. Rxf8+ Qxf8 34.
Qxc6 Rd8 35. Nd5 Qg7 36. Re1 Qf7 37. Rd1 Kh8 38. Nf4 Qe7 39. Qc3+ Kg8 40. Nd5
Qg7 41. Qb3 Kf8 42. Nf4 Qe5 43. Rd2 Qf6 44. Re2 Be5 45. Qe3 Bd4 46. Qa3+ Qd6
47. Qb3 Be5 48. Rf2 Kg7 49. h4 Qd4 50. Qc2 Qd6 51. Kh3 Qd4 52. b3 b4 53. Qe2
Kf6 54. Rf3 Bd6 55. Rd3 Qe5 56. Qd2 Kg7 57. Bc6 Ne6 58. Nxe6+ Qxe6 59. Bd5 Qd7
60. Qb2+ Kh6 61. Kg2 Qe7 62. Qd2+ Kg7 63. Qf2 Bc5 64. Qd2 Qe5 65. Kh3 Rd6 66.
Bc4 Rd4 67. Rxd4 Qxd4 68. Qxd4+ 1/2-1/2

[Event "SV Bochum-Linden 1 - SV Königsspringer "]
[Site "Verbandsliga - Gr. 2 2019/202"]
[Date "2019.10.27"]
[Round "2.4"]
[White "Schmidt, Ralph"]
[Black "Prueß, Wilfried"]
[Result "1/2-1/2"]
[WhiteElo "1921"]
[BlackElo "2065"]
[PlyCount "23"]
[EventDate "2019.??.??"]

1. e4 e6 2. Nc3 b6 3. d4 Bb7 4. Bd3 Nf6 5. Nge2 c5 6. e5 Ng4 7. Be4 Nc6 8. h3
cxd4 9. hxg4 dxc3 10. Nxc3 d5 11. exd6 Qxd6 12. Qxd6 1/2-1/2

[Event "SV Bochum-Linden 1 - SV Königsspringer "]
[Site "Verbandsliga - Gr. 2 2019/202"]
[Date "2019.10.27"]
[Round "2.5"]
[White "Schmidt, Ingo"]
[Black "Marx, Henning"]
[Result "1-0"]
[WhiteElo "1967"]
[BlackElo "1932"]
[Annotator "Daniel"]
[PlyCount "81"]
[EventDate "2019.??.??"]

1. e4 c6 2. d4 d5 3. Nc3 dxe4 4. Nxe4 Nf6 5. Nxf6+ gxf6 6. Bc4 Bf5 7. Nf3 e6 8.
Qe2 Bd6 9. Nh4 Bg6 10. Bb3 Nd7 11. Bd2 Qe7 12. O-O O-O-O $11 13. a4 f5 14. g3
Nf6 15. a5 Bh5 16. Qd3 Ne4 17. a6 b6 18. Ng2 Nxd2 19. Qxd2 Rhg8 20. f4 Bg4 21.
Qc3 Qc7 22. Ne3 Bh3 23. Rf3 Bxf4 24. Rxf4 Qxf4 25. Qxc6+ Qc7 26. Qa8+ Kd7 27.
Ba4+ Ke7 28. Qb7 Rc8 29. Re1 Kf6 30. Qf3 Rg5 31. c3 Rcg8 32. Kh1 h5 33. d5 Kg6
34. dxe6 fxe6 35. Bb3 Re8 36. Nd5 exd5 37. Rxe8 f4 38. Bxd5 Bg4 39. Qe4+ Bf5
40. Re6+ Kg7 41. Re7+ 1-0

[Event "SV Bochum-Linden 1 - SV Königsspringer "]
[Site "Verbandsliga - Gr. 2 2019/202"]
[Date "2019.10.27"]
[Round "2.6"]
[White "Hochstein, Udo"]
[Black "Klaus, Michael"]
[Result "1/2-1/2"]
[WhiteElo "1888"]
[BlackElo "1841"]
[PlyCount "58"]
[EventDate "2019.??.??"]

1. d4 e6 2. c4 Nf6 3. Nc3 d5 4. cxd5 exd5 5. Bg5 Be7 6. e3 c6 7. Bd3 O-O 8. Qc2
h6 9. Bh4 Re8 10. Nge2 Be6 11. O-O Nh5 12. Bxe7 Qxe7 13. Rab1 Nd7 14. Na4 Rac8
15. b4 Nhf6 16. Ng3 b5 17. Nc5 Nxc5 18. dxc5 Bd7 19. a4 a6 20. Ne2 Qe5 21. Nd4
Ng4 22. Nf3 Qf6 23. Ra1 Ra8 24. Ra3 Ne5 25. Nxe5 Qxe5 26. Qd2 Bf5 27. Bxf5 Qxf5
28. Rfa1 Rac8 29. axb5 axb5 1/2-1/2

[Event "SV Bochum-Linden 1 - SV Königsspringer "]
[Site "Verbandsliga - Gr. 2 2019/202"]
[Date "2019.10.27"]
[Round "2.7"]
[White "Sporkert, Corina"]
[Black "Pappert, Thomas"]
[Result "1-0"]
[WhiteElo "1829"]
[BlackElo "1807"]
[PlyCount "103"]
[EventDate "2019.??.??"]

1. e4 c5 2. Nf3 Nc6 3. d4 cxd4 4. Nxd4 e5 5. Nf3 d6 6. Nc3 Nf6 7. h3 Be7 8. Bc4
Be6 9. Bxe6 fxe6 10. O-O O-O 11. Bg5 a6 12. Qd3 Nh5 13. Bxe7 Qxe7 14. Ne2 Rad8
15. Rad1 Kh8 16. Qe3 Qf6 17. Qg5 Qf7 18. Rd2 h6 19. Qe3 Qe7 20. Rfd1 Rd7 21. c4
Rfd8 22. a3 a5 23. Nc3 Nf4 24. Kh2 g5 25. g3 Nh5 26. c5 dxc5 27. Rxd7 Rxd7 28.
Rxd7 Qxd7 29. Qxc5 Qg7 30. b4 axb4 31. axb4 Qf6 32. Kg2 Ng7 33. b5 Nd4 34. Nxe5
Nb3 35. Qc8+ Kh7 36. Ng4 Qd4 37. e5 Nc5 38. Ne2 Qe4+ 39. Kh2 Qb4 40. Nf6+ Kg6
41. h4 gxh4 42. Nf4+ Kf5 43. Qf8 hxg3+ 44. fxg3 Nd3 45. Qxg7 Qd2+ 46. Ng2 Kxe5
47. Ne8+ Kd5 48. Qxb7+ Kc4 49. Nd6+ Kb3 50. Qe4 Nf2 51. Qxe6+ Kc2 52. Qa2+ 1-0

[Event "SV Bochum-Linden 1 - SV Königsspringer "]
[Site "Verbandsliga - Gr. 2 2019/202"]
[Date "2019.10.27"]
[Round "2.8"]
[White "Artz, Klaus"]
[Black "Kauder, Hartmut"]
[Result "1-0"]
[WhiteElo "1802"]
[BlackElo "2089"]
[PlyCount "129"]
[EventDate "2019.??.??"]

1. d4 f5 2. c4 Nf6 3. Nc3 g6 4. g3 Bg7 5. Bg2 O-O 6. Nh3 d6 7. O-O c6 8. d5 Qc7
9. Bd2 h6 10. Re1 Na6 11. Rb1 e5 12. dxe6 Bxe6 13. b3 Rad8 14. Qc1 Kh7 15. Nf4
Bf7 16. Nd3 d5 17. Bf4 Qe7 18. cxd5 Nxd5 19. Nxd5 Bxd5 20. Bxd5 Rxd5 21. Be3
Nb4 22. Bc5 Rxc5 23. Qxc5 Qxc5 24. Nxc5 Rf7 25. a4 Re7 26. Kf1 b6 27. Nd3 Nc2
28. Red1 g5 29. e3 c5 30. Rd2 Na3 31. Rc1 Re4 32. Ne1 Rb4 33. Rd3 c4 34. bxc4
Nxc4 35. a5 bxa5 36. Rd7 a4 37. Rxa7 Kg6 38. Nd3 Rb1 39. Rxa4 Rxc1+ 40. Nxc1
Nd2+ 41. Ke2 Ne4 42. Ra6+ Kh5 43. f3 Nc3+ 44. Kd3 g4 45. fxg4+ fxg4 46. Ne2
Nxe2 47. Kxe2 Kg5 48. Kd3 Kf5 49. e4+ Kg5 50. Kc4 h5 51. Ra5+ Kg6 52. Kd5 h4
53. e5 hxg3 54. hxg3 Bf8 55. Ke4 Bb4 56. Ra4 Bd2 57. Ra6+ Kg5 58. Rd6 Be1 59.
Rd3 Bb4 60. Rb3 Be1 61. Kd5 Kf5 62. e6 Kf6 63. Kd6 Bf2 64. Kd7 Bc5 65. Rb1 1-0

[Event "SV Recklinghausen-Süd 1 - SF Essen-Kate"]
[Site "Verbandsliga - Gr. 2 2019/202"]
[Date "2019.10.27"]
[Round "2.1"]
[White "Rosen, Willy"]
[Black "Beckmann, Klaus"]
[Result "1/2-1/2"]
[WhiteElo "2106"]
[BlackElo "2095"]
[PlyCount "50"]
[EventDate "2019.??.??"]

1. e4 c5 2. Nc3 e6 3. f4 d5 4. Nf3 a6 5. d3 Nc6 6. g3 Nf6 7. e5 d4 8. exf6 dxc3
9. bxc3 Qxf6 10. Bd2 Qd8 11. Bg2 Be7 12. O-O O-O 13. Ne5 Nxe5 14. fxe5 Qc7 15.
Qh5 Bd7 16. Rae1 Bc6 17. Be4 Bxe4 18. Rxe4 g6 19. Qh6 f5 20. exf6 Rxf6 21. Rxf6
Bxf6 22. Qh3 e5 23. Qe6+ Qf7 24. Qxf7+ Kxf7 25. Be3 Rc8 1/2-1/2

[Event "SV Recklinghausen-Süd 1 - SF Essen-Kate"]
[Site "Verbandsliga - Gr. 2 2019/202"]
[Date "2019.10.27"]
[Round "2.2"]
[White "Höfker, Mathias"]
[Black "Krüger, Erich"]
[Result "1/2-1/2"]
[WhiteElo "2102"]
[BlackElo "2061"]
[PlyCount "79"]
[EventDate "2019.??.??"]

1. d4 Nf6 2. g3 g6 3. Bg2 Bg7 4. c4 O-O 5. Nc3 d6 6. Nf3 c6 7. O-O Qa5 8. e4
Bg4 9. h3 Bxf3 10. Bxf3 e5 11. d5 cxd5 12. cxd5 Nbd7 13. Bd2 Rfc8 14. Qe2 Qd8
15. Rfc1 Nb6 16. b3 a6 17. Rc2 Rc7 18. Rac1 Rac8 19. Be3 Nbd7 20. h4 h5 21. Bg5
Qf8 22. Qd2 Ng4 23. Bxg4 hxg4 24. Na4 Rxc2 25. Rxc2 f5 26. h5 Rxc2 27. Qxc2 f4
28. hxg6 fxg3 29. fxg3 b5 30. Qh2 Qf3 31. Qh7+ Kf8 32. Be7+ Kxe7 33. Qxg7+ Kd8
34. Qh8+ Kc7 35. Qh4 bxa4 36. g7 Qd1+ 37. Kh2 Qd2+ 38. Kg1 Qe1+ 39. Kh2 Qf2+
40. Kh1 1/2-1/2

[Event "SV Recklinghausen-Süd 1 - SF Essen-Kate"]
[Site "Verbandsliga - Gr. 2 2019/202"]
[Date "2019.10.27"]
[Round "2.3"]
[White "Nautsch, Werner"]
[Black "Herud, Martin"]
[Result "0-1"]
[WhiteElo "2016"]
[BlackElo "2002"]
[PlyCount "74"]
[EventDate "2019.??.??"]

1. f4 e5 2. fxe5 Nc6 3. e4 Qh4+ 4. g3 Qxe4+ 5. Qe2 Qxh1 6. Nf3 Bc5 7. c3 Nge7
8. d4 Bb6 9. Nbd2 d5 10. Kf2 Bg4 11. Bg2 Qxh2 12. Nxh2 Bxe2 13. Kxe2 O-O-O 14.
Ndf3 f6 15. exf6 gxf6 16. b4 Ng6 17. a4 a5 18. b5 Nce7 19. Ng4 Rhf8 20. Ba3 h5
21. Ne3 f5 22. Bh3 Kb8 23. Ne5 Rf6 24. Rf1 c5 25. bxc6 Nxc6 26. Nxc6+ Rxc6 27.
Kd2 Ne5 28. Rxf5 Nc4+ 29. Nxc4 Rxc4 30. Be7 Rg8 31. Rxh5 Bc7 32. Be6 Rxg3 33.
Bxd5 Bf4+ 34. Ke2 Rcxc3 35. Bc5 Rc2+ 36. Kf1 Rg7 37. Rf5 Be3 0-1

[Event "SV Recklinghausen-Süd 1 - SF Essen-Kate"]
[Site "Verbandsliga - Gr. 2 2019/202"]
[Date "2019.10.27"]
[Round "2.4"]
[White "Callenberg, Ralf"]
[Black "Gallas, Noel"]
[Result "1-0"]
[WhiteElo "1982"]
[BlackElo "1922"]
[PlyCount "159"]
[EventDate "2019.??.??"]

1. c4 e5 2. g3 g6 3. Nc3 Bg7 4. Bg2 Nc6 5. d3 f5 6. Nf3 Nf6 7. Bg5 O-O 8. Nd5
d6 9. h4 h5 10. O-O Be6 11. Ne1 Qd7 12. Nc2 Nd8 13. d4 Bxd5 14. cxd5 e4 15. Ne3
Qb5 16. Qd2 Nf7 17. Bf4 Nh6 18. a4 Qd7 19. f3 exf3 20. exf3 Kh7 21. Qb4 Rab8
22. Rac1 Rfc8 23. Rc2 b6 24. Rfc1 Nhg8 25. Bf1 Ne8 26. Ba6 Rd8 27. Bb5 Qf7 28.
Bxe8 Qxe8 29. Rxc7 b5 30. a5 Rd7 31. R1c6 Rbd8 32. Kf2 Ne7 33. Rxd7 Rxd7 34.
Rxd6 Rxd6 35. Bxd6 Nc8 36. Bf4 Bf8 37. Qc3 Nd6 38. Qc7+ Nf7 39. d6 Qe6 40. a6
Kg8 41. Qxa7 Nxd6 42. Qa8 Nc8 43. Qd5 Kf7 44. Bb8 Bg7 45. Qxe6+ Kxe6 46. a7 Nb6
47. d5+ Kd7 48. b3 Kc8 49. Ng2 Kb7 50. Nf4 Bd4+ 51. Ke2 Nd7 52. Nxg6 Bxa7 53.
Bxa7 Kxa7 54. b4 Nf6 55. Nf4 Kb7 56. Kd3 Kc7 57. Kd4 Kd6 58. Ne6 Nxd5 59. Ng7
Nxb4 60. Nxf5+ Ke6 61. Ng7+ Kf7 62. Nxh5 Nc6+ 63. Kd5 Ne7+ 64. Ke4 b4 65. Nf4
b3 66. Nd3 Kg6 67. g4 Ng8 68. Ke5 Nh6 69. Ke6 Kg7 70. h5 Nf7 71. f4 Nh6 72. g5
Ng4 73. f5 Ne3 74. f6+ Kf8 75. Nb2 Ng2 76. h6 Nh4 77. f7 Ng6 78. Kf6 Nh8 79. g6
Nxf7 80. g7+ 1-0

[Event "SV Recklinghausen-Süd 1 - SF Essen-Kate"]
[Site "Verbandsliga - Gr. 2 2019/202"]
[Date "2019.10.27"]
[Round "2.5"]
[White "Jahrke, Jonas"]
[Black "Mecklenburg, Roland"]
[Result "1-0"]
[WhiteElo "1811"]
[BlackElo "1980"]
[PlyCount "77"]
[EventDate "2019.??.??"]

1. Nf3 g6 2. g3 Bg7 3. Bg2 c5 4. O-O Nc6 5. c4 e6 6. e3 Nge7 7. Nc3 O-O 8. a3
Nf5 9. Rb1 Qe7 10. b4 d6 11. Ne2 e5 12. Nc3 Re8 13. Nd5 Qd8 14. d3 cxb4 15.
axb4 Nfe7 16. e4 Nxd5 17. exd5 Ne7 18. Kh1 Qc7 19. Be3 Nf5 20. Qc2 a5 21. bxa5
Nxe3 22. fxe3 Rxa5 23. Ng5 f6 24. Ne6 Bxe6 25. dxe6 b5 26. Bd5 Qc5 27. Qd2 bxc4
28. dxc4 Ra3 29. e7+ Kh8 30. Bf7 Rxe7 31. Rb8+ Bf8 32. Bxg6 hxg6 33. Rxf8+ Kg7
34. R8xf6 Qxe3 35. Qxe3 Rxe3 36. Rxd6 Rc3 37. Rff6 Rxc4 38. Rxg6+ Kf7 39. Rgf6+
1-0

[Event "SV Recklinghausen-Süd 1 - SF Essen-Kate"]
[Site "Verbandsliga - Gr. 2 2019/202"]
[Date "2019.10.27"]
[Round "2.6"]
[White "Hajra, Hetem"]
[Black "Geerlings, Gerd"]
[Result "0-1"]
[WhiteElo "1926"]
[BlackElo "1999"]
[PlyCount "58"]
[EventDate "2019.??.??"]

1. e4 c5 2. Nf3 Nf6 3. Nc3 d5 4. exd5 Nxd5 5. Bb5+ Bd7 6. Bxd7+ Qxd7 7. Nxd5
Qxd5 8. O-O Nc6 9. b3 O-O-O 10. Bb2 e5 11. d3 f6 12. Qe2 Bd6 13. Rfe1 Kb8 14.
Qe4 Qf7 15. a3 g6 16. Qc4 Qd7 17. Nd2 f5 18. f4 Rhe8 19. fxe5 Nxe5 20. Qh4 Ng4
21. Nf3 Bf4 22. Bc1 Bxh2+ 23. Nxh2 Qd4+ 24. Kf1 Rxe1+ 25. Kxe1 Re8+ 26. Kd2
Qxa1 27. Nxg4 fxg4 28. Qxg4 Qe5 29. Qh4 Qe3+ 0-1

[Event "SV Recklinghausen-Süd 1 - SF Essen-Kate"]
[Site "Verbandsliga - Gr. 2 2019/202"]
[Date "2019.10.27"]
[Round "2.7"]
[White "Sauer, Bernd"]
[Black "Parado, Dominador"]
[Result "0-1"]
[WhiteElo "1926"]
[BlackElo "1885"]
[PlyCount "96"]
[EventDate "2019.??.??"]

1. d4 Nf6 2. c4 g6 3. Nc3 Bg7 4. e4 d6 5. f4 O-O 6. Be2 c5 7. d5 b5 8. cxb5 a6
9. b6 Qxb6 10. Nf3 Ng4 11. Qb3 Qa7 12. Bc4 Nd7 13. h3 Rb8 14. Qc2 Ngf6 15. O-O
Nb6 16. Be2 Nh5 17. Kh2 Bd7 18. Be3 Qb7 19. Rad1 Nf6 20. Rd2 h6 21. Qd1 Rfd8
22. Rf2 Bb5 23. b3 Ng4+ 24. hxg4 Bxc3 25. Rc2 Bxe2 26. Rfxe2 Bg7 27. Qe1 Nd7
28. g5 h5 29. Qg1 e6 30. Red2 Nb6 31. Qd1 exd5 32. exd5 Re8 33. Bg1 Re4 34. g3
Rbe8 35. Re2 Nxd5 36. Rxe4 Rxe4 37. Nd2 Ne3 38. Bxe3 Rxe3 39. Nc4 Re6 40. Rd2
Bd4 41. Rg2 Qe7 42. Nb6 Re1 43. Qf3 Qe6 44. Qa8+ Kg7 45. Qxa6 h4 46. Qd3 Qg4
47. Nd5 hxg3+ 48. Rxg3 Qh4+ 0-1